000 00657nam a22002057a 4500
003 OSt
005 20260112080429.0
008 260112b |||||||| |||| 00| 0 eng d
020 _a0-397-55455-9L.
040 _aDWCL-Main lib.
_cOC
082 _aCirc. 610.7361 V235l 1998
100 _aValenti, Linda M.
245 _aLippincott's review series :
_bcritical care nursing/
_cLinda M. Valenti
260 _aPhiladelphia :
_bLippincott,
_cc1998.
300 _axii, 576 p. ;
_c 22 cm.
650 _a1. Critical care nursing-Outlines, syllabi, etc.
700 _aRozinski, Michele B.
700 _dTamblyn, Rosemary
942 _2ddc
_cBK-CIRC
_hCirc.
_n0
999 _c7302
_d7302